[Event "ESP-chT CECLUB Div2"]
[Site "Linares"]
[Date "2019.08.20"]
[Round "2.7"]
[White "Redondo Benavente, Ana"]
[Black "Silva Rodriguez, Fernando"]
[Result "1/2-1/2"]
[WhiteElo "2071"]
[BlackElo "2253"]
[PlyCount "85"]
[EventDate "2019.08.19"]
[EventType "team-swiss"]
[EventRounds "7"]
[EventCountry "ESP"]
[SourceTitle "EXT 2020"]
[Source "ChessBase"]
[SourceDate "2019.10.17"]
[SourceVersion "1"]
[SourceVersionDate "2019.10.17"]
[SourceQuality "1"]
[WhiteTeam "Reverte Minerals"]
[BlackTeam "Manises Eva"]
[WhiteTeamCountry "ESP"]
[BlackTeamCountry "ESP"]

1. e4 c6 2. Nc3 d5 3. Nf3 Bg4 4. h3 Bxf3 5. Qxf3 e6 6. g3 Nd7 7. d4 Bb4 8. Bd2 Ngf6 9. e5 Bxc3 10. Bxc3 Ne4 11. Qe3 f6 12. Bg2 Nxc3 13. Qxc3 0-0 14. 0-0 f5 15. f4 Qe7 16. Qd3 b5 17. a4 b4 18. a5 c5 19. c4 bxc3 20. bxc3 c4 21. Qc2 Nb8 22. Rfb1 Nc6 23. Qa4 Qd7 24. Rb5 Rab8 25. Rab1 Rxb5 26. Rxb5 Rb8 27. Rxb8+ Nxb8 28. Qa3 Qc7 29. Bf3 Kf7 30. Kf2 Qe7 31. Qb2 Qc7 32. Qb5 a6 33. Qb4 Nc6 34. Qc5 Qb7 35. g4 Ne7 36. Kg3 Qb2 37. Qa7 Qxc3 38. gxf5 Qe1+ 39. Kg2 Qd2+ 40. Kg3 Qe1+ 41. Kg2 Qd2+ 42. Kg3 Qe1+ 43. Kg2 1/2-1/2

[Event "EU-ch U18 Girls"]
[Site "Bratislava"]
[Date "2019.08.05"]
[Round "4"]
[White "Smetisko, Marija"]
[Black "Redondo Benavente, Ana"]
[Result "0-1"]
[WhiteElo "1792"]
[BlackElo "2071"]
[PlyCount "60"]
[EventDate "2019.08.02"]
[EventType "swiss"]
[EventRounds "9"]
[EventCountry "SVK"]
[SourceTitle "CBM 191 Extra"]
[Source "ChessBase"]
[SourceDate "2019.09.30"]
[SourceVersion "1"]
[SourceVersionDate "2019.09.30"]
[SourceQuality "1"]

1. e4 e5 2. Nf3 Nc6 3. Bc4 Bc5 4. c3 Nf6 5. d3 0-0 6. b4 Be7 7. 0-0 d5 8. exd5 Nxd5 9. h3 a6 10. Re1 Bf6 11. Nfd2 Ndxb4 12. Ne4 Nd5 13. Bxd5 Qxd5 14. Nxf6+ gxf6 15. Bh6 Rd8 16. Qh5 Qxd3 17. Qh4 Qg6 18. Re3 Rd3 19. Nd2 Bf5 20. g4 Rxe3 21. fxe3 Bd3 22. e4 Rd8 23. Kh2 Rd6 24. g5 f5 25. Nf1 Bxe4 26. Ng3 Rd2+ 27. Kg1 Bf3 28. Rb1 f4 29. Rxb7 Rg2+ 30. Kf1 Qd3+ 0-1

[Event "ESP-ch U18"]
[Site "Salobrena"]
[Date "2019.07.27"]
[Round "9"]
[White "Redondo Benavente, Ana"]
[Black "Ledesma Claros, Daniel"]
[Result "1-0"]
[WhiteElo "2176"]
[BlackElo "2061"]
[PlyCount "95"]
[EventDate "2019.07.22"]
[EventType "swiss"]
[EventRounds "9"]
[EventCountry "ESP"]
[SourceTitle "CBM 191 Extra"]
[Source "ChessBase"]
[SourceDate "2019.09.30"]
[SourceVersion "1"]
[SourceVersionDate "2019.09.30"]
[SourceQuality "1"]

1. e4 Nc6 2. Nf3 d5 3. exd5 Qxd5 4. d4 Bg4 5. Be2 0-0-0 6. Be3 e5 7. c4 Qa5+ 8. Bd2 Bb4 9. d5 Bxf3 10. Bxf3 Nd4 11. Bc3 f5 12. 0-0 Bxc3 13. bxc3 Nxf3+ 14. Qxf3 g6 15. Qe3 e4 16. Nd2 Nf6 17. Nb3 Qa3 18. h3 Rhe8 19. Rfb1 Nd7 20. Nd4 Qc5 21. Rb4 Nb6 22. Qe2 a5 23. Nb3 Qf8 24. Nxa5 f4 25. Qg4+ Qf5 26. Rb5 h5 27. Qxf5+ gxf5 28. d6 Rxd6 29. c5 Rg6 30. cxb6 f3 31. g3 h4 32. bxc7 hxg3 33. Rxb7 Re5 34. Ra7 Rb5 35. Rd1 Rd6 36. Rf1 f4 37. Nc4 Rg6 38. Rd1 gxf2+ 39. Kxf2 Rg2+ 40. Kf1 Rb7 41. Nd6+ Kxc7 42. Rxb7+ Kc6 43. Nxe4 Kxb7 44. Rd2 Rg8 45. Kf2 Rh8 46. Kxf3 Rxh3+ 47. Kxf4 Kc6 48. Ke5 1-0

[Event "ESP-ch U18"]
[Site "Salobrena"]
[Date "2019.07.24"]
[Round "5"]
[White "Redondo Benavente, Ana"]
[Black "Munoz Pelaez, Manuel"]
[Result "0-1"]
[WhiteElo "2176"]
[BlackElo "2285"]
[PlyCount "118"]
[EventDate "2019.07.22"]
[EventType "swiss"]
[EventRounds "9"]
[EventCountry "ESP"]
[SourceTitle "CBM 191 Extra"]
[Source "ChessBase"]
[SourceDate "2019.09.30"]
[SourceVersion "1"]
[SourceVersionDate "2019.09.30"]
[SourceQuality "1"]

1. e4 c6 2. d4 d5 3. e5 Bf5 4. h4 Qc7 5. Bd3 Bxd3 6. Qxd3 e6 7. Nf3 Nd7 8. Bg5 c5 9. c3 h6 10. Be3 Ne7 11. Nbd2 Nc6 12. a3 cxd4 13. cxd4 Na5 14. 0-0 Rc8 15. Ne1 Be7 16. h5 Qb6 17. b4 Nc4 18. f4 Nxd2 19. Qxd2 f5 20. Nd3 0-0 21. Nc5 Nb8 22. a4 a6 23. Rfc1 Kf7 24. Rab1 Qa7 25. b5 b6 26. Nxa6 Nxa6 27. bxa6 Qxa6 28. Qb2 Rxc1+ 29. Rxc1 Qd3 30. Bf2 Ra8 31. Qxb6 Rxa4 32. Qc7 Rc4 33. Rxc4 Qxc4 34. Qxc4 dxc4 35. Kf1 Bb4 36. Ke2 Bc3 37. Ke3 Ke7 38. g4 fxg4 39. Ke4 Bd2 40. Bg3 Kf7 41. Bh4 c3 42. Kd3 Bxf4 43. Kxc3 g3 44. Kc4 g2 45. Bf2 Bh2 46. d5 exd5+ 47. Kxd5 g1Q 48. Bxg1 Bxg1 49. e6+ Ke7 50. Ke5 Be3 51. Kf5 Bd4 52. Ke4 Bb2 53. Kf5 Bc3 54. Kf4 Kxe6 55. Ke4 Kf6 56. Kf4 Bd2+ 57. Kg4 Ke5 58. Kh4 Kf5 59. Kg3 Kg5 0-1

[Event "ESP-ch U18"]
[Site "Salobrena"]
[Date "2019.07.22"]
[Round "1"]
[White "Lorente Serrano, Rosa Adela"]
[Black "Redondo Benavente, Ana"]
[Result "0-1"]
[WhiteElo "1788"]
[BlackElo "2176"]
[PlyCount "48"]
[EventDate "2019.07.22"]
[EventType "swiss"]
[EventRounds "9"]
[EventCountry "ESP"]
[SourceTitle "CBM 191 Extra"]
[Source "ChessBase"]
[SourceDate "2019.09.30"]
[SourceVersion "1"]
[SourceVersionDate "2019.09.30"]
[SourceQuality "1"]

1. b3 e5 2. Bb2 Nc6 3. c4 Nf6 4. e3 d5 5. cxd5 Nxd5 6. a3 g6 7. d3 Bg7 8. Qc2 0-0 9. Nd2 f5 10. Ngf3 g5 11. g3 g4 12. Nh4 f4 13. e4 Nb6 14. Nc4 Be6 15. 0-0-0 a5 16. h3 Nd4 17. Bxd4 Qxd4 18. Qb2 Qc5 19. Kb1 Rad8 20. hxg4 Bxc4 21. bxc4 Rd6 22. Qb3 Nd5 23. Ka2 Qxf2+ 24. Qb2 Nc3+ 0-1

[Event "EU-ch U18 Girls 28th"]
[Site "Riga"]
[Date "2018.08.23"]
[Round "4"]
[White "Afonasieva, Anna"]
[Black "Redondo Benavente, Ana"]
[Result "1-0"]
[WhiteElo "2193"]
[BlackElo "2102"]
[PlyCount "131"]
[EventDate "2018.08.20"]
[EventType "swiss"]
[EventRounds "9"]
[EventCountry "LAT"]
[SourceTitle "CBM 186 Extra"]
[Source "ChessBase"]
[SourceDate "2018.08.24"]
[SourceVersion "1"]
[SourceVersionDate "2018.08.24"]
[SourceQuality "1"]

1. d4 Nf6 2. Nf3 d6 3. g3 g6 4. Bg2 Bg7 5. 0-0 0-0 6. c4 Bf5 7. Nc3 Ne4 8. Ne1 Nxc3 9. bxc3 Qc8 10. Nd3 Bh3 11. c5 Bxg2 12. Kxg2 b6 13. Bg5 Qf5 14. Bd2 bxc5 15. dxc5 dxc5 16. f3 c4 17. Nb2 Rd8 18. e4 Qb5 19. Qc2 Nc6 20. Bf4 Ne5 21. Rab1 Rab8 22. Na4 Qc6 23. Rxb8 Rxb8 24. Bxe5 Bxe5 25. Rd1 e6 26. Nb2 Qb5 27. Na4 h5 28. Kh3 Bf6 29. Kg2 Qc6 30. Nb2 Qb5 31. Na4 a6 32. Rd2 Qb1 33. Nc5 Qxc2 34. Rxc2 Rd8 35. Nxa6 Rd3 36. Nxc7 Bxc3 37. a4 Kf8 38. Nb5 Rd2+ 39. Rxd2 Bxd2 40. Kf1 Ke7 41. Na3 c3 42. Ke2 f5 43. Nc4 Bh6 44. Kd3 g5 45. a5 Kd7 46. Kxc3 g4 47. fxg4 hxg4 48. Kd4 Bg7+ 49. Ke3 Bh6+ 50. Kd3 Kc7 51. Ne3 f4 52. Nxg4 fxg3 53. hxg3 Bf8 54. Kc4 Bd6 55. e5 Ba3 56. Nf2 Kb7 57. Kb5 Bf8 58. Nd3 Bg7 59. g4 Kc7 60. g5 Kc8 61. Kc6 Kb8 62. Kd7 Ka7 63. Kxe6 Ka6 64. Kf7 Bxe5 65. Nxe5 Kxa5 66. g6 1-0

[Event "ESP-chT CECLUB Div2"]
[Site "Linares"]
[Date "2018.08.16"]
[Round "4.5"]
[White "Redondo Benavente, Ana"]
[Black "Gonzalez Cano, Juan Jose"]
[Result "1-0"]
[WhiteElo "2102"]
[BlackElo "2052"]
[PlyCount "55"]
[EventDate "2018.08.14"]
[EventType "team-swiss"]
[EventRounds "7"]
[EventCountry "ESP"]
[SourceTitle "CBM 186 Extra"]
[Source "ChessBase"]
[SourceDate "2018.08.24"]
[SourceVersion "1"]
[SourceVersionDate "2018.08.24"]
[SourceQuality "1"]
[WhiteTeam "Reverte Minerals"]
[BlackTeam "Casareno iAcere"]
[WhiteTeamCountry "ESP"]
[BlackTeamCountry "ESP"]

1. e4 e5 2. Nf3 Nf6 3. Nxe5 d6 4. Nf3 Nxe4 5. Nc3 Nf6 6. d4 Be7 7. h3 0-0 8. Bd3 b6 9. Bf4 Re8 10. Qd2 Bf8+ 11. Be3 c6 12. 0-0-0 b5 13. Kb1 b4 14. Ne2 Na6 15. g4 Qa5 16. Nf4 Nc7 17. Rdg1 Ncd5 18. g5 Nc3+ 19. bxc3 bxc3 20. Qc1 Rb8+ 21. Ka1 d5 22. gxf6 Ba3 23. Rxg7+ Kf8 24. Rhg1 Bg4 25. R7xg4 Rb1+ 26. Qxb1 Bb2+ 27. Qxb2 cxb2+ 28. Kb1 1-0

[Event "Andalucia-chA"]
[Site "Algeciras"]
[Date "2018.05.20"]
[Round "8"]
[White "Redondo Benavente, Ana"]
[Black "Garrido Outon, Alex"]
[Result "1/2-1/2"]
[WhiteElo "2114"]
[BlackElo "2071"]
[PlyCount "61"]
[EventDate "2018.05.12"]
[EventType "swiss"]
[EventRounds "8"]
[EventCountry "ESP"]
[SourceTitle "EXT 2020"]
[Source "ChessBase"]
[SourceDate "2019.10.17"]
[SourceVersion "1"]
[SourceVersionDate "2019.10.17"]
[SourceQuality "1"]

1. e4 e5 2. Nf3 Nc6 3. d4 exd4 4. Nxd4 Nf6 5. Nxc6 bxc6 6. Qe2 Bb4+ 7. c3 Be7 8. e5 Nd5 9. c4 Nb6 10. Qc2 Bb4+ 11. Bd2 Qe7 12. Bxb4 Qxb4+ 13. Nd2 Ba6 14. Bd3 0-0-0 15. 0-0 d5 16. a3 Qe7 17. cxd5 Bxd3 18. Qxd3 Rxd5 19. Qa6+ Kb8 20. Nc4 Nxc4 21. Qxc4 Qxe5 22. Qxc6 Rhd8 23. Rfe1 Qd6 24. Qc3 f6 25. Qb3+ Qb6 26. Qxb6+ cxb6 27. g3 Kb7 28. Kg2 Kb8 29. Kg1 Kb7 30. Kg2 Kb8 31. Kg1 1/2-1/2

[Event "Andalucia-chA"]
[Site "Algeciras"]
[Date "2018.05.18"]
[Round "4"]
[White "Delgado Lozano, Ignacio Maria"]
[Black "Redondo Benavente, Ana"]
[Result "1-0"]
[WhiteElo "1916"]
[BlackElo "2114"]
[PlyCount "133"]
[EventDate "2018.05.12"]
[EventType "swiss"]
[EventRounds "8"]
[EventCountry "ESP"]
[SourceTitle "EXT 2020"]
[Source "ChessBase"]
[SourceDate "2019.10.17"]
[SourceVersion "1"]
[SourceVersionDate "2019.10.17"]
[SourceQuality "1"]

1. Nf3 d5 2. d4 Nf6 3. g3 b5 4. a4 b4 5. Bg2 Bb7 6. 0-0 e6 7. Ne5 Nbd7 8. Nxd7 Qxd7 9. c4 Rb8 10. c5 Be7 11. Nd2 0-0 12. Qc2 Ba6 13. Re1 c6 14. b3 Bd8 15. Bb2 Bc7 16. e4 dxe4 17. Nxe4 Nd5 18. Ng5 g6 19. Bh3 Rbe8 20. Qe4 f5 21. Qc2 Bd8 22. Nf3 Qg7 23. Ne5 Bb7 24. Bg2 Bf6 25. a5 f4 26. Bxd5 exd5 27. gxf4 Bc8 28. Nxc6 Bf5 29. Qd2 g5 30. f3 gxf4+ 31. Qg2 Re3 32. Qxg7+ Kxg7 33. Rxe3 fxe3 34. Nxb4 Re8 35. Nxd5 Bh4 36. Bc3 Bf2+ 37. Kh1 e2 38. Nc7 e1Q+ 39. Bxe1 Rxe1+ 40. Rxe1 Bxe1 41. a6 Bf2 42. Nb5 Bd3 43. Nxa7 Bxa6 44. Nc6 Bb7 45. Kg2 Bxc6 46. Kxf2 Kf6 47. Ke3 Ke6 48. h4 h6 49. b4 Bb5 50. Kf4 Bc6 51. Kg4 Kd5 52. Kh5 Kxd4 53. Kxh6 Bxf3 54. h5 Kc4 55. Kg5 Kb5 56. h6 Be4 57. Kf6 Kc6 58. Kg7 Kb5 59. h7 Bxh7 60. Kxh7 Kc6 61. Kg6 Kb5 62. Kf6 Kc6 63. Ke6 Kc7 64. b5 Kb7 65. c6+ Kc7 66. Ke7 Kc8 67. b6 1-0

[Event "Andalucia-chA"]
[Site "Algeciras"]
[Date "2018.05.12"]
[Round "2"]
[White "Redondo Benavente, Ana"]
[Black "Dominguez Ruiz, Mario"]
[Result "0-1"]
[WhiteElo "2114"]
[BlackElo "1983"]
[PlyCount "120"]
[EventDate "2018.05.12"]
[EventType "swiss"]
[EventRounds "8"]
[EventCountry "ESP"]
[SourceTitle "EXT 2020"]
[Source "ChessBase"]
[SourceDate "2019.10.17"]
[SourceVersion "1"]
[SourceVersionDate "2019.10.17"]
[SourceQuality "1"]

1. e4 c5 2. Nf3 g6 3. c3 d5 4. exd5 Qxd5 5. d4 Bg7 6. Be2 cxd4 7. cxd4 Nf6 8. Nc3 Qd6 9. 0-0 0-0 10. Be3 Na6 11. Qd2 b6 12. Rac1 Nc7 13. Bf4 Qd8 14. Ne5 Bb7 15. Rfd1 Ncd5 16. Bg3 Nxc3 17. bxc3 Ne4 18. Qe3 Nxg3 19. hxg3 Rc8 20. c4 Qc7 21. f4 Rfd8 22. Bf3 Bxf3 23. gxf3 e6 24. Kg2 Qd6 25. d5 exd5 26. Rxd5 Qc7 27. Rcd1 Rxd5 28. cxd5 Qd6 29. Nc6 Bf8 30. Rc1 Qd7 31. Ne5 Qb7 32. Nc6 Qd7 33. Ne5 Qb7 34. Ng4 Rxc1 35. Qxc1 Qe7 36. Qd2 b5 37. Qd4 Qe2+ 38. Nf2 Qc4 39. Qxa7 Qxd5 40. Ne4 Kg7 41. Qa5 Qd3 42. Qa7 Qe2+ 43. Qf2 Qxf2+ 44. Kxf2 Be7 45. Ke3 h5 46. Kd3 f6 47. Kd4 Kf7 48. Kd5 b4 49. Nd2 f5 50. Nb3 Bf6 51. Nd4 Bxd4 52. Kxd4 Ke6 53. Kc4 g5 54. fxg5 f4 55. Kd3 fxg3 56. Ke2 h4 57. f4 h3 58. Kf3 g2 59. Kf2 Kf5 60. Kg1 Kxf4 0-1

[Event "EU-ch U16 Girls 27th"]
[Site "Mamaia"]
[Date "2017.09.14"]
[Round "9"]
[White "Redondo Benavente, Ana"]
[Black "Nastase, Andreea Cristina"]
[Result "1-0"]
[WhiteElo "2087"]
[BlackElo "1986"]
[PlyCount "45"]
[EventDate "2017.09.05"]
[EventType "swiss"]
[EventRounds "9"]
[EventCountry "ROU"]
[SourceTitle "CBM 180 Extra"]
[Source "ChessBase"]
[SourceDate "2017.10.06"]
[SourceVersion "1"]
[SourceVersionDate "2017.10.06"]
[SourceQuality "1"]

1. e4 c5 2. c3 Nf6 3. e5 Nd5 4. d4 e6 5. Nf3 cxd4 6. cxd4 b6 7. Nc3 Nxc3 8. bxc3 Bb7 9. Bd3 Be7 10. 0-0 0-0 11. Nd2 d6 12. f4 dxe5 13. fxe5 Bg5 14. Ne4 Bxc1 15. Rxc1 Ba6 16. Bxa6 Nxa6 17. Qh5 Qd5 18. Ng5 h6 19. Nxf7 Qe4 20. Rce1 Qc2 21. Re3 Nc7 22. Nxh6+ gxh6 23. Rg3+ 1-0

[Event "EU-ch U16 Girls 27th"]
[Site "Mamaia"]
[Date "2017.09.07"]
[Round "3"]
[White "Redondo Benavente, Ana"]
[Black "Maltsevskaya, Aleksandra"]
[Result "0-1"]
[WhiteElo "2087"]
[BlackElo "2271"]
[PlyCount "78"]
[EventDate "2017.09.05"]
[EventType "swiss"]
[EventRounds "9"]
[EventCountry "ROU"]
[SourceTitle "CBM 180 Extra"]
[Source "ChessBase"]
[SourceDate "2017.10.06"]
[SourceVersion "1"]
[SourceVersionDate "2017.10.06"]
[SourceQuality "1"]

1. d4 Nf6 2. Bf4 d6 3. Nc3 Nbd7 4. Nf3 g6 5. e4 Bg7 6. Qd2 0-0 7. Bh6 e5 8. Bxg7 Kxg7 9. 0-0-0 Qe7 10. h4 h5 11. Ng5 c6 12. f4 b5 13. f5 b4 14. Ne2 c5 15. dxe5 dxe5 16. Ng3 Nb6 17. Be2 Bd7 18. Qd6 Rae8 19. Rhf1 c4 20. Qxe7 Rxe7 21. c3 bxc3 22. bxc3 Na4 23. Kc2 Nc5 24. Bxc4 Ng4 25. Kd2 f6 26. Nh3 Ba4 27. Rb1 Rd8+ 28. Ke2 Bc2 29. Rb2 Nxe4 30. Nxh5+ gxh5 31. Rxc2 Ng3+ 32. Kf3 Nxf1 33. Bxf1 e4+ 34. Ke2 Rd3 35. Nf4 Re3+ 36. Kd1 Rd7+ 37. Rd2 Rb7 38. Kc2 Re1 39. Bc4 Ne3# 0-1

[Event "ESP-ch (Women)"]
[Site "Linares"]
[Date "2017.08.27"]
[Round "9"]
[White "Redondo Benavente, Ana"]
[Black "Redondo Arguelles, Graciela"]
[Result "0-1"]
[WhiteElo "2022"]
[BlackElo "1997"]
[PlyCount "124"]
[EventDate "2017.08.21"]
[EventType "swiss"]
[EventRounds "9"]
[EventCountry "ESP"]
[SourceTitle "CBM 180 Extra"]
[Source "ChessBase"]
[SourceDate "2017.10.06"]
[SourceVersion "1"]
[SourceVersionDate "2017.10.06"]
[SourceQuality "1"]

1. e4 e6 2. d4 d5 3. Nd2 dxe4 4. Nxe4 Nd7 5. Bd3 Ngf6 6. Qe2 Nxe4 7. Bxe4 c5 8. Nf3 Nf6 9. Bg5 Qa5+ 10. Bd2 Qb6 11. 0-0 cxd4 12. Bd3 Be7 13. Qe5 0-0 14. Qxd4 Qxd4 15. Nxd4 Bd7 16. h3 Rac8 17. Rfe1 Rfd8 18. Nf3 Nd5 19. a3 Bf6 20. Ne5 Ba4 21. Rac1 Nb6 22. Bc3 Nd5 23. Bd2 Nb6 24. Bc3 Be8 25. f4 Na4 26. Rb1 Nxc3 27. bxc3 b6 28. c4 Rc5 29. Rbd1 g6 30. Be4 Rxd1 31. Rxd1 Bxe5 32. Rd8 Bxf4 33. Rxe8+ Kg7 34. Bd3 Ra5 35. Kf2 Rxa3 36. Kf3 Bd6 37. Rc8 a5 38. Ke2 Ra1 39. Ra8 a4 40. Kd2 a3 41. Kc3 Rb1 42. c5 Bxc5 43. Ra4 h5 44. h4 b5 45. Ra8 b4+ 46. Kc4 Be7 47. Ra7 Bxh4 48. c3 Rb2 49. cxb4 a2 50. b5 Bf6 51. b6 Rxg2 52. b7 Be5 53. Ra8 Rb2 54. Be4 g5 55. Kd3 f5 56. Bc6 Rb6 57. Ra7 Bb8 58. Rxa2 Rxc6 59. Ra8 Rd6+ 60. Ke3 Rd8 61. Kf3 g4+ 62. Kg2 Kf6 0-1

[Event "ESP-ch (Women)"]
[Site "Linares"]
[Date "2017.08.26"]
[Round "8"]
[White "Calzetta Ruiz, Monica"]
[Black "Redondo Benavente, Ana"]
[Result "1/2-1/2"]
[WhiteElo "2288"]
[BlackElo "2022"]
[PlyCount "65"]
[EventDate "2017.08.21"]
[EventType "swiss"]
[EventRounds "9"]
[EventCountry "ESP"]
[SourceTitle "CBM 180 Extra"]
[Source "ChessBase"]
[SourceDate "2017.10.06"]
[SourceVersion "1"]
[SourceVersionDate "2017.10.06"]
[SourceQuality "1"]

1. e4 e6 2. d4 d5 3. Bd3 dxe4 4. Bxe4 Nf6 5. Bf3 Bd6 6. Ne2 0-0 7. 0-0 e5 8. Nbc3 h6 9. dxe5 Bxe5 10. Bf4 Bxf4 11. Nxf4 Qxd1 12. Raxd1 c6 13. Rfe1 g5 14. Nd3 Bf5 15. Re5 Bxd3 16. Rxd3 Nbd7 17. Re7 Rfe8 18. Rde3 Kf8 19. Rxe8+ Rxe8 20. Rxe8+ Kxe8 21. h3 Ke7 22. Kf1 Ke6 23. a4 Ne5 24. Be2 a5 25. g3 b6 26. Ba6 Kd6 27. Ke2 Ned7 28. Bc4 Ke7 29. Ke3 Ne8 30. Be2 Nd6 31. b3 Nf5+ 32. Kd2 Ne5 33. Nd1 1/2-1/2

[Event "ESP-chT CECLUB Div2"]
[Site "Linares"]
[Date "2017.08.11"]
[Round "5.5"]
[White "Redondo Benavente, Ana"]
[Black "Bellon Lopez, Juan Manuel"]
[Result "1/2-1/2"]
[WhiteElo "2022"]
[BlackElo "2319"]
[PlyCount "111"]
[EventDate "2017.08.08"]
[EventType "team"]
[EventRounds "7"]
[EventCountry "ESP"]
[SourceTitle "CBM 179 Extra"]
[Source "ChessBase"]
[SourceDate "2017.08.23"]
[SourceVersion "1"]
[SourceVersionDate "2017.08.23"]
[SourceQuality "1"]
[WhiteTeam "Reverte Minerals"]
[BlackTeam "Villa de Teror Goya"]
[WhiteTeamCountry "ESP"]
[BlackTeamCountry "ESP"]

1. e4 c5 2. c3 d6 3. d4 Nd7 4. Nf3 e6 5. Bd3 a6 6. a4 Qc7 7. 0-0 Ngf6 8. Na3 Be7 9. Re1 e5 10. dxe5 Nxe5 11. Nxe5 dxe5 12. Nc4 Be6 13. a5 Rd8 14. Qf3 0-0 15. Bg5 h6 16. Bxf6 Bxf6 17. Qe2 Bg5 18. Nb6 c4 19. Bxc4 Rd2 20. Qf1 Rxb2 21. Nd5 Qc5 22. Re2 Bd2 23. Ra2 Rxa2 24. Bxa2 Bg5 25. c4 Qxa5 26. Qb1 b5 27. cxb5 axb5 28. Rc2 Rc8 29. Rxc8+ Bxc8 30. Nb4 Qa3 31. Nd3 Bf6 32. h3 Bd7 33. Bd5 Qc3 34. Qa2 Qxd3 35. Qa8+ Kh7 36. Bxf7 Bc8 37. Qxc8 Qd1+ 38. Kh2 Qd8 39. Qf5+ Kh8 40. Be6 Qe7 41. Bd5 b4 42. Qc8+ Qd8 43. Qe6 Be7 44. g3 Qf8 45. Kg2 Bc5 46. Qf7 Qxf7 47. Bxf7 g5 48. h4 Kg7 49. Bb3 gxh4 50. gxh4 Kf6 51. Kg3 Ke7 52. f4 Kf6 53. fxe5+ Kxe5 54. Kf3 Be7 55. h5 Bg5 56. Bd5 1/2-1/2

[Event "ESP-chT CECLUB Div2"]
[Site "Linares"]
[Date "2017.08.08"]
[Round "1.7"]
[White "Redondo Benavente, Ana"]
[Black "Arias Torio, Sergio"]
[Result "1-0"]
[WhiteElo "2022"]
[BlackElo "2109"]
[PlyCount "91"]
[EventDate "2017.08.08"]
[EventType "team"]
[EventRounds "7"]
[EventCountry "ESP"]
[SourceTitle "CBM 179 Extra"]
[Source "ChessBase"]
[SourceDate "2017.08.23"]
[SourceVersion "1"]
[SourceVersionDate "2017.08.23"]
[SourceQuality "1"]
[WhiteTeam "Reverte Minerals"]
[BlackTeam "Gijon Antonio Rico"]
[WhiteTeamCountry "ESP"]
[BlackTeamCountry "ESP"]

1. e4 d6 2. d4 Nf6 3. Nc3 g6 4. Bg5 Bg7 5. e5 Nfd7 6. exd6 cxd6 7. Qd2 h6 8. Be3 Qa5 9. 0-0-0 d5 10. Kb1 Nc6 11. h4 Nf6 12. f3 Bd7 13. Nge2 Rc8 14. Nf4 e6 15. g4 Ng8 16. Nb5 Qxd2 17. Nd6+ Kf8 18. Rxd2 Rb8 19. c4 dxc4 20. Bxc4 Na5 21. Be2 Ne7 22. d5 e5 23. Ng2 b6 24. Ba6 Nc8 25. Nxc8 Bxc8 26. Bxc8 Rxc8 27. Rd3 Ke7 28. Bd2 Nc4 29. Bb4+ Kd7 30. b3 Nd6 31. Bxd6 Kxd6 32. Ne3 b5 33. b4 Rc7 34. Ra3 Rhc8 35. Ra6+ Kd7 36. Rd1 Bf8 37. d6 Rb7 38. Nd5 Bg7 39. Nc7 Bf6 40. Rd5 Rcb8 41. Ra5 Bxh4 42. Na6 Bf2 43. Nxb8+ Rxb8 44. Rxe5 Bb6 45. Raxb5 Kxd6 46. Rbd5+ 1-0

[Event "Andalucia-chA"]
[Site "Roquetas de Mar"]
[Date "2017.05.13"]
[Round "2"]
[White "Redondo Benavente, Ana"]
[Black "Moreno Lopez, Avelino"]
[Result "1-0"]
[WhiteElo "2042"]
[BlackElo "1796"]
[PlyCount "77"]
[EventDate "2017.05.13"]
[EventType "swiss"]
[EventRounds "8"]
[EventCountry "ESP"]
[SourceTitle "EXT 2020"]
[Source "ChessBase"]
[SourceDate "2019.10.17"]
[SourceVersion "1"]
[SourceVersionDate "2019.10.17"]
[SourceQuality "1"]

1. e4 e5 2. Nf3 Nc6 3. Nc3 g6 4. d4 exd4 5. Nd5 d6 6. Bg5 f6 7. Bh4 Bg4 8. h3 Bxf3 9. Qxf3 g5 10. Qh5+ Kd7 11. Qg4+ Ke8 12. Be2 h5 13. Qe6+ Nce7 14. Nxf6+ Nxf6 15. Qxf6 Rg8 16. Bxh5+ Kd7 17. Bg4+ Kc6 18. Bxg5 Rg6 19. Qxg6 Nxg6 20. Bxd8 Rxd8 21. 0-0-0 Bg7 22. h4 Ne5 23. Bf5 Nc4 24. Be6 Bh6+ 25. Kb1 Nd2+ 26. Ka1 Nxe4 27. Rxd4 Nxf2 28. Rf1 Be3 29. Rc4+ Kb6 30. Rc3 Bd4 31. Rb3+ Kc6 32. Bf5 d5 33. g4 Ne4 34. Rd1 Bf6 35. g5 Nd6 36. Be6 Bd4 37. Rxd4 Re8 38. Bxd5+ Kc5 39. Rd1 1-0

[Event "EU-ch U16 Girls 26th"]
[Site "Prague"]
[Date "2016.08.18"]
[Round "1"]
[White "Silva, Ana Ines Teixeira D"]
[Black "Redondo Benavente, Ana"]
[Result "0-1"]
[WhiteElo "1781"]
[BlackElo "2088"]
[PlyCount "70"]
[EventDate "2016.08.18"]
[EventType "swiss"]
[EventRounds "9"]
[EventCountry "CZE"]
[SourceTitle "CBM 174 Extra"]
[Source "ChessBase"]
[SourceDate "2016.10.10"]
[SourceVersion "1"]
[SourceVersionDate "2016.10.10"]
[SourceQuality "1"]

1. e4 e5 2. Nf3 Nc6 3. d4 exd4 4. Nxd4 Nf6 5. Nc3 Bb4 6. Nxc6 bxc6 7. Bd3 0-0 8. 0-0 d5 9. exd5 cxd5 10. Bg5 Be7 11. Re1 c6 12. Qe2 Be6 13. Qd2 Rb8 14. Nd1 Re8 15. c3 Qc7 16. Qc2 h6 17. Bf4 Rb6 18. Ne3 c5 19. Nf5 Bf8 20. Ng3 c4 21. Bf5 Bxf5 22. Nxf5 Ne4 23. Nd4 Bc5 24. Re3 g5 25. Bg3 f5 26. f4 g4 27. Qe2 Reb8 28. b3 Nxc3 29. Qd2 Nb5 30. Nxb5 Bxe3+ 31. Qxe3 Rxb5 32. Bf2 cxb3 33. axb3 Rxb3 34. Qe5 Rb1+ 35. Rxb1 Rxb1+ 0-1

[Event "ESP-ch 81st"]
[Site "Linares"]
[Date "2016.08.05"]
[Round "1"]
[White "Redondo Benavente, Ana"]
[Black "Arizmendi Martinez, Julen Luis"]
[Result "0-1"]
[WhiteElo "2088"]
[BlackElo "2496"]
[PlyCount "94"]
[EventDate "2016.08.05"]
[EventType "swiss"]
[EventRounds "9"]
[EventCountry "ESP"]
[SourceTitle "CBM 173 Extra"]
[Source "ChessBase"]
[SourceDate "2016.08.29"]
[SourceVersion "1"]
[SourceVersionDate "2016.08.29"]
[SourceQuality "1"]

1. e4 e6 2. d4 d5 3. Bd3 c5 4. exd5 exd5 5. Nf3 c4 6. Be2 Bd6 7. 0-0 Ne7 8. b3 cxb3 9. axb3 Nbc6 10. Ba3 0-0 11. Bxd6 Qxd6 12. Na3 Bf5 13. Nb5 Qf6 14. c4 a6 15. Na3 Rad8 16. c5 Be4 17. Nc2 Bxc2 18. Qxc2 Nf5 19. Rfd1 Nfxd4 20. Nxd4 Nxd4 21. Qd3 Nc6 22. Rac1 Rfe8 23. Bf1 Re4 24. Qc3 Qxc3 25. Rxc3 Rb4 26. g3 d4 27. Rcd3 g6 28. f4 Kg7 29. Bg2 Na5 30. Bf1 Rd5 31. Bg2 Rxc5 32. Rxd4 Rxd4 33. Rxd4 Rc1+ 34. Kf2 Nxb3 35. Rb4 Nc5 36. Ke3 b5 37. Rb2 Rc3+ 38. Kd4 Rc4+ 39. Ke3 b4 40. Bf1 Rc3+ 41. Kd4 Ne6+ 42. Ke4 a5 43. Ra2 a4 44. Bb5 b3 45. Ra3 b2 46. Rxc3 b1Q+ 47. Kf3 Qxb5 0-1